| 000 | 01157nam0a2200265 i 4500 | ||
|---|---|---|---|
| 001 | RU\NLR\bibl\1894919 | ||
| 005 | 20240921101820.0 | ||
| 021 |
_aRU _b2012-24016 _91795 |
||
| 035 | _a(NLR Aleph) 001884589 | ||
| 090 |
_a2836899 _c2836899 |
||
| 100 | _a20120419d2012 u y0rusy50 ca | ||
| 101 | 0 | _arus | |
| 102 | _aRU | ||
| 105 | _aa ||||||||| | ||
| 200 | 1 |
_a56 лет по пути развития газовой промышленности _eвоспоминания ветерана _fС.С. Каширов _gОткрытое АО "Газпром", О-во с огранич. ответстенностью "Газпром экспо" |
|
| 210 |
_aМосква _cГазпром экспо _d2012 |
||
| 215 |
_a535 с. _cил., портр. _d25 |
||
| 606 | 1 |
_aГазовая промышленность _jВоспоминания, записки и т.п. _yСССР _91376239 _3RU\NLR\auth\66263397 |
|
| 686 | _aУ30(2)565.3-03 | ||
| 700 | 1 |
_aКаширов _bС. С. _f1924- _gСергей Степанович _4070 |
|
| 801 | 0 |
_aRU _bNLR _c20120419 _gRCR |
|
| 801 | 1 |
_aRU _bNLR _c20120419 |
|
| 942 | _cBOOK | ||
| 980 | _aNBR | ||